Central Library OPAC University of Rajshahi

Chemistry of food and nutrition / (Record no. 10034)

MARC details
000 -LEADER
fixed length control field 00788cam a22002771 4500
001 - CONTROL NUMBER
control field 10034
003 - CONTROL NUMBER IDENTIFIER
rucl marc code BD-RjUL
005 - DATE AND TIME OF LATEST TRANSACTION
control field 20211208234901.0
008 - FIXED-LENGTH DATA ELEMENTS--GENERAL INFORMATION
fixed length control field 140122r19631952nyua 001 0 eng
035 ## - SYSTEM CONTROL NUMBER
System control number (BD-RjUL)10081
System control number (OCoLC)1470924
040 ## - CATALOGING SOURCE
Original cataloging agency DLC
Transcribing agency FM
Modifying agency InU-D
-- BD-RjUL
Language of cataloging eng
041 ## - LANGUAGE CODE
Language code of text/sound track or separate title eng
082 ## - DEWEY DECIMAL CLASSIFICATION NUMBER
Classification number 612.39
Author mark and year SHC 1963
100 1# - MAIN ENTRY--PERSONAL NAME
Personal name Sherman, Henry C.
Fuller form of name (Henry Clapp),
Dates associated with a name 1875-
9 (RLIN) 30974
245 10 - TITLE STATEMENT
Title Chemistry of food and nutrition /
Statement of responsibility, etc. Henry C. Sherman
250 ## - EDITION STATEMENT
Edition statement 8th ed.
260 ## - PUBLICATION, DISTRIBUTION, ETC. (IMPRINT)
Place of publication, distribution, etc. New York :
Name of publisher, distributor, etc. Macmillan,
Date of publication, distribution, etc. c1952 [printing 1963].
300 ## - PHYSICAL DESCRIPTION
Pagination viii, 721 p. :
Illustrations illus. ,
Size 21 cm.
504 ## - BIBLIOGRAPHY, ETC. NOTE
Bibliography, etc Includes index.
650 #0 - SUBJECT ADDED ENTRY--TOPICAL TERM
Topical term or geographic name as entry element Food
General subdivision Analysis.
9 (RLIN) 29436
Topical term or geographic name as entry element Nutrition.
9 (RLIN) 30975
942 ## - ADDED ENTRY ELEMENTS (KOHA)
Source of classification or shelving scheme Dewey Decimal Classification
Koha item type Books
Holdings
Lost status Source of classification or shelving scheme Damaged status Not for loan Collection code Permanent Location Current Location Shelving location Date acquired Source of acquisition Cost, normal purchase price Total Checkouts Full call number Date last seen Copy number Koha item type
  Dewey Decimal Classification   Not For Loan Non-fiction Central Library, University of Rajshahi Central Library, University of Rajshahi Reading Room 24/02/1977 Ahmed Book Center 128.00   612.39 SHC 1963 22/01/2014 C-1 Books
  Dewey Decimal Classification     Non-fiction Central Library, University of Rajshahi Central Library, University of Rajshahi   24/02/1977 Ahmed Book Centre 128.00   612.39 SHC 1963 12/08/2018 C-2 Books